| 000 | 00599nam a2200193Ia 4500 | ||
|---|---|---|---|
| 008 | 140626s9999 xx 000 0 und d | ||
| 100 | _aDaniel, Gunter. | ||
| 245 | 4 |
_aThe expertise reversal effect : _bcognitive load and motivational explanations / _cGunter Daniel ... [et al.]. |
|
| 260 | _cc2011. | ||
| 300 | _a17 : 1, page 33 | ||
| 440 | _aJournal of Experimental Psycholgy: Applied | ||
| 521 | _aPSYCH | ||
| 650 | _aCognitive load theory. | ||
| 650 | _aCognitive load. | ||
| 650 | _aExpertise reversal effect. | ||
| 650 | _aMotivation. | ||
| 650 | _aRedundancy effect. | ||
| 942 | _cSE | ||
| 999 |
_c121305 _d121305 |
||